00373nam a2200133Ia 4500008004100000041001200041082002700053100005300080245002900133250001200162260003800174300001400212650001300226231217s9999 xx 000 0 und d aEnglish a001.6424MAT ETT;1 `R' aEtter, Delores M. Kuncicky, David C. Hull, Doug. 0aIntroduction to matlab 6 a2nd ed. c2002bNew Jersey : Prentice-Hall, axviii+142 amatlab,6